Social innovation versus traditional innovation

Oblasť sociálnych vzťahov v súčasnosti stále intenzívnejšie vstupuje do života ľudí, podnikov, organizácií a inštitúcií, ktoré pôsobia v rôznych právnych formách za účelom zabezpečenia určitých sociálnych cieľov. Definovanie sociálnej inovácie a rozdiely v názoroch na podstatu klasických a sociálnyc...

Full description

Saved in:
Bibliographic Details
Main Author: Matušovič, Martin
Format: Book Chapter
Language:Slovak
Subjects:
Tags: Add Tag
No Tags, Be the first to tag this record!

MARC

LEADER 00000nla a2200000 4500
001 0221079
005 20240524073550.3
041 0 |a slo 
044 |a SK 
245 1 0 |a Social innovation versus traditional innovation  |c Martin Matušovič 
520 |a Oblasť sociálnych vzťahov v súčasnosti stále intenzívnejšie vstupuje do života ľudí, podnikov, organizácií a inštitúcií, ktoré pôsobia v rôznych právnych formách za účelom zabezpečenia určitých sociálnych cieľov. Definovanie sociálnej inovácie a rozdiely v názoroch na podstatu klasických a sociálnych inovácií. 
610 2 0 |a inovácie sociálne 
610 2 0 |a problémy spoločenské 
610 2 0 |a procesy sociálno-ekonomické 
610 2 0 |a sektor verejný 
610 2 0 |a sektor súkromný 
610 2 0 |a vzťahy spoločenské 
100 1 |a Matušovič, Martin